R (on the application of Corporation of London) v Secretary of State for Environment, Food and Rural Affairs and others (Record no. 77403)

MARC details
000 -LEADER
fixed length control field 01432cab a2200193 4500
001 - CONTROL NUMBER
control field ##L134199
008 - FIXED-LENGTH DATA ELEMENTS--GENERAL INFORMATION
fixed length control field 060717n2006 000 0 eng u
035 ## - SYSTEM CONTROL NUMBER
System control number (Sirsi) u134199
041 0# - LANGUAGE CODE
Language code of text/sound track or separate title eng
245 00 - TITLE STATEMENT
Title R (on the application of Corporation of London) v Secretary of State for Environment, Food and Rural Affairs and others
260 ## - PUBLICATION, DISTRIBUTION, ETC.
Date of publication, distribution, etc. 2006
520 ## - SUMMARY, ETC.
Summary, etc. [2006] UKHL 30, 21 June 2006. Considers whether the SoS was entitled to authorise Covent Garden Market Authority to grant leases allowing the face-to-face sale of meat and fish at New Covent Garden market. The corporation owns Smithfield meat market and Billingsgate fish market. Common law protects these markets from competition from any rival market within seven miles. It challenged the SoS's right to authorise meat and fish trading at New Covent Garden market. "Held": the trading at New Covent Garden market was not extensive enough to constitute a rival market, therefore the SoS was entitled to consent to this trading.
590 ## - LOCAL NOTE (RLIN)
Local note IKA180706
650 24 - SUBJECT ADDED ENTRY--TOPICAL TERM
Topical term or geographic name entry element R V SOS ENVIRONMENT, FOOD AND RURAL AFFAIRS EX P CORPORATION OF LONDON
651 #4 - SUBJECT ADDED ENTRY--GEOGRAPHIC NAME
Geographic name England and Wales
Chronological subdivision 1543-
690 ## - LOCAL SUBJECT ADDED ENTRY--TOPICAL TERM (OCLC, RLIN)
Topical term or geographic name as entry element PROPERTY-COMMERCIAL PROPERTY-RETAIL PROPERTY- WHOLESALING, AUCTION AND MARKET PROPERTY
856 40 - ELECTRONIC LOCATION AND ACCESS
Uniform Resource Identifier <a href="https://www.bailii.org/cgi-bin/markup.cgi?doc=/uk/cases/UKHL/2006/30.html&query=Smithfield&method=all">https://www.bailii.org/cgi-bin/markup.cgi?doc=/uk/cases/UKHL/2006/30.html&query=Smithfield&method=all</a>
Public note View the judgment free of charge at www.bailii.org...
942 ## - ADDED ENTRY ELEMENTS (KOHA)
Suppress in OPAC 0
Holdings
Withdrawn status Lost status Source of classification or shelving scheme Damaged status Not for loan Home library Current library Shelving location Date acquired Total Checkouts Full call number Barcode Date last seen Copy number Price effective from Koha item type
    Dewey Decimal Classification     Virtual Virtual Online 17/07/2006   ONLINE PUBLICATION 134199-1001 06/08/2019 1 06/08/2019 Law report